Phantasialand Attraktionen Quiz - Statistiken

Allgemein
  • Dieses Quiz wurde 191 mal gespielt
    116 seit der letzten Aktualisierung
  • Das Durchschnittsergebnis liegt bei 18 aus 35
Antwortstatistiken
Gruppe Attraktion Eröffnungsjahr % Korrekt
Deep in Africa Black Mamba 2006
94%
Mystery Taron 2016
92%
Mexico Chiapas - DIE Wildwasserbahn 2014
85%
Mexico Colorado Adventure 1996
85%
Mystery Mystery Castle 1998
85%
Berlin F.L.Y. 2020
82%
Mystery Raik 2016
81%
Fantasy Winja's Fear 2002
77%
Mexico Talocan 2007
75%
Fantasy Winja's Force 2002
75%
Fantasy Crazy Bats 2019 (1988)
71%
Mystery River Quest 2002
71%
China Town Geister Rikscha 1981
64%
Deep in Africa Deep in Africa Adventure Trail 2022
56%
Berlin Maus-au-Chocolat 2011
56%
China Town Feng Ju Palace 2002
55%
Berlin Das verrückte Hotel Tartüff 2012
50%
Mexico Tikal 2011
50%
Berlin Wellenflug 2011
46%
Fantasy Wakobato 2009
40%
Berlin Pferdekarussell 1998
38%
Berlin Bolles Flugschule 2010
37%
Berlin Bolles Riesenrad 2010
37%
Fantasy Würmling Express 2010
36%
Fantasy Tittle Tattle Tree 2002
33%
Fantasy Der lustige Papagei 2010
32%
Fantasy Avoras 2024
31%
Fantasy Die fröhliche Bienchenjagd 2010
27%
Fantasy Wolke's Luftpost 2010
24%
Fantasy Bumper Klumpen 2003
19%
Fantasy Wirtl's Taubenturm 2007
19%
Deep in Africa Mopti's Monkey Depot 2024
18%
Fantasy Wözl's Wassertreter 2003
18%
Fantasy Wupi's Wabi Wipper 2003
18%
Fantasy Wözl's Duck Washer 2003
15%
Keine übereinstimmenden Quizze gefunden
Verteilung der Resultate
Anzahl Personen mit jedem Resultat
Perzentil nach korrekt beantworteten Fragen
Ihre Resultats-Entwicklung
Sie haben dieses Quiz seit der letzten Aktualisierung nicht gespielt